Statistiques concernant Lettres pour anagrammes

Cliquez ici pour prendre le quiz!

Statistiques générales

  • Ce quiz a été pris 38 fois
  • Le résultat moyen est 12 sur 64

Statistiques - réponses

HintRéponse% Correct
Niche
97%
Chien
92%
Chine
81%
Rente
78%
E,E,O,U,J,N,R,SJournées
64%
Séjourne
61%
Réussi
58%
Terne
56%
Traque
53%
E,E,N,R,TEntre
50%
A,E,U,Q,R,TQuarte
50%
Russie
50%
Quatre
42%
Radine
42%
Libres
36%
Quater
22%
Dinera
19%
Draine
19%
Pastiche
19%
Pistache
19%
Taquer
19%
E,I,B,L,R,SBrésil
17%
E,I,C,H,NCheni
17%
Sieurs
14%
Enter
11%
Magenta
11%
Réclament
11%
Ribles
11%
Soigneur
11%
Suries
11%
A,E,I,O,D,M,N,N,RAmidonner
6%
Clamèrent
6%
Mangeat
6%
Raclement
6%
Réent
6%
Transit
6%
Tristan
6%
A,E,E,C,L,M,N,R,TCalmèrent
3%
A,E,I,C,H,P,S,TChipâtes
3%
A,E,I,O,O,C,N,N,R,S,T,VConservation
3%
Conversation
3%
Libers
3%
E,I,U,R,S,SRessui
3%
Verserait
3%
A,E,I,D,N,RAdrien
0%
A,A,E,G,M,N,TEngamat
0%
A,E,E,I,U,R,S,TEstuaire
0%
A,E,E,I,R,R,S,T,VEtriveras
0%
E,I,O,U,G,N,R,SGuérison
0%
Maclèrent
0%
Monandrie
0%
Normandie
0%
Ougriens
0%
Ranidé
0%
Réservait
0%
Reversait
0%
Revêtiras
0%
Revirâtes
0%
Rivèteras
0%
Sauterie
0%
Scaphite
0%
Sèvrerait
0%
A,I,N,R,S,T,TStriant
0%
Tirants
0%

Distribution des résultats

Percentile par nombre de réponses

% des personnes avec chaque résultat

Votre développement - résultats

Vous n’avez pas pris ce quiz